| 000 | 01956cam a22004934i 4500 | ||
|---|---|---|---|
| 003 | PE-LiUPU | ||
| 005 | 20250731173054.0 | ||
| 008 | 180309s2011 ne 0 rb 001 0 eng d | ||
| 020 | _a9789004191440 | ||
| 035 | _a(Sirsi) a241489 | ||
| 040 |
_aPE-LiUPU _bspa _cPE-LiUPU _erda |
||
| 049 | _aPRUA | ||
| 082 | 0 | 4 |
_a224.906 _bB17 _223 |
| 100 | 1 |
_aBalserak, Jon, _eautor. |
|
| 245 | 1 | 0 |
_aEstablishing the remnant church in France : _bCalvin's lectures on the Minor Prophets, 1556-1559 / _cJon Balserak. |
| 264 | 1 |
_aLeiden : _bBrill, _c2011. |
|
| 300 |
_aIX, 226 páginas ; _c25 centímetros. |
||
| 336 |
_atext _2rdacontent |
||
| 337 |
_aunmediated _2rdamedia |
||
| 338 |
_avolume _2rdacarrier |
||
| 490 | 0 |
_aBrill's series in church history ; _v50 |
|
| 504 | _aBibliografía : páginas 214-222. | ||
| 504 | _aIndice : páginas 223-224. | ||
| 505 | 0 | _aIntroduction -- Audience and context : the Church, Nicodemism, and the situation in France up to the time of Calvin's lectures on the Minor Prophets -- Prophet : Calvin as authoritative interpreter and reformer -- Interpreting : Calvin's exegesis of the Minor Prophets -- Applying : overthrowing the Roman Church, establishing the Remnant Church -- Concluding thoughts : Calvin's vision of the Church in this age. | |
| 526 | _aSEG42 | ||
| 526 | _aSEG41 | ||
| 526 | _aSEG40 | ||
| 526 | _aSEG39 | ||
| 526 | _aP94 | ||
| 526 | _aP87 | ||
| 526 | _aP86 | ||
| 526 | _aP85 | ||
| 526 | _aP77 | ||
| 526 | _aP76 | ||
| 526 | _aP35 | ||
| 650 | 0 | 4 | _aReformed Church. |
| 650 | 0 | 4 | _aIglesia Reformada. |
| 910 |
_adbm _bksl _cksl _d20180309 |
||
| 942 |
_2ddc _cBOOK |
||
| 994 |
_aC0 _bPEPRU |
||
| 596 | _a1 | ||
| 999 |
_a224.906 B17 _wLC _c27115 _i78469 _f2021-11-9 _g4 _lCCODEBUL1 _mBUL _p38.00 _r0 _sY _tBOOK _u2018-3-9 _xTEOLOGIA _PP35 _0DONACION _1FCOMPRA _o.STAFF. Colección Teología _d27115 |
||
| 980 |
_81 _gALBERTO SANCHEZ Responsable de Automatización |
||